书目信息 |
| 题名: |
全国造价工程师执业资格考试试题分析
|
|
| 作者: | ;王燕军 , 黄强 主编 | |
| 分册: | 2005年 | |
| 出版信息: | 北京 机械工业出版社 2005.06 |
|
| 页数: | 390页 | |
| 开本: | 26cm | |
| 丛书名: | ||
| 单 册: | ||
| 中图分类: | TU723.3-44 | |
| 科图分类: | ||
| 主题词: | 建筑造价管理--工程技术人员--资格考核--解题 | |
| 电子资源: | ||
| ISBN: | 7-111-16616-7 | |
| 000 | 01048nam0 2200241 450 | |
| 001 | 010212645031 | |
| 005 | 20071016092808.93 | |
| 010 | @a7-111-16616-7@dCNY39.00 | |
| 100 | @a20050901d2005 km y0chiy0120 ea | |
| 101 | 0 | @achi |
| 102 | @aCN@b110000 | |
| 105 | @aa q 000yy | |
| 200 | 1 | @a全国造价工程师执业资格考试试题分析@Aquan guo zao jia gong cheng shi zhi ye zi ge kao shi shi ti fen xi@i2005年@g王燕军, 黄强主编@Gwang yan jun,huang qiang zhu bian |
| 210 | @a北京@c机械工业出版社@d2005.06 | |
| 215 | @a390页@c图@d26cm | |
| 330 | @a本书是2005年全国造价工程师执业资格考试复习用书,对2001~2004年考试题进行了分析,并对2005年考试题型作了预估。全书紧扣考试大纲,对大纲中的要求从了解、熟悉、掌握三个不同角度对内容作了全方位剖析,以便考生在较短时间内掌握考试大纲中要求掌握的重 | |
| 517 | 1 | @a2005年@A2005 nian |
| 606 | 0 | @a建筑造价管理@x工程技术人员@x资格考核@x解题 |
| 690 | @aTU723.3-44@v4 | |
| 702 | 0 | @a王燕军@Awang yan jun@4主编 |
| 702 | 0 | @a黄强@Ahuang qiang@4主编 |
| 801 | 0 | @aCN@c20071016 |
| 905 | @dTU723.3-44@eW412 | |
| 全国造价工程师执业资格考试试题分析.2005年/王燕军, 黄强主编.-北京:机械工业出版社,2005.06 |
| 390页:图;26cm |
| ISBN 7-111-16616-7:CNY39.00 |
| 本书是2005年全国造价工程师执业资格考试复习用书,对2001~2004年考试题进行了分析,并对2005年考试题型作了预估。全书紧扣考试大纲,对大纲中的要求从了解、熟悉、掌握三个不同角度对内容作了全方位剖析,以便考生在较短时间内掌握考试大纲中要求掌握的重 |
| ● |
| 相关链接 |
|
|
|
正题名:全国造价工程师执业资格考试试题分析
索取号:TU723.3-44/W412
 
预约/预借
| 序号 | 登录号 | 条形码 | 馆藏地/架位号 | 状态 | 备注 |
| 1 | 568497 | 205684972 | 建筑库201/201建筑库 105排7列1层/ [索取号:TU723.3-44/W412] | 在馆 | |
| 2 | 568498 | 205684981 | 建筑库201/201建筑库 105排7列1层/ [索取号:TU723.3-44/W412] | 在馆 | |
| 3 | 652390 | 206523902 | 建筑库201/201建筑库 105排7列1层/ [索取号:TU723.3-44/W412] | 在馆 |